Corporations, partnerships, estates and trusts. / (Record no. 7404)
[ view plain ]
| 000 -LEADER | |
|---|---|
| fixed length control field | 01253nam a22002057a 4500 |
| 008 - FIXED-LENGTH DATA ELEMENTS--GENERAL INFORMATION | |
| fixed length control field | 200626b xxu||||| |||| 00| 0 eng d |
| 020 ## - INTERNATIONAL STANDARD BOOK NUMBER | |
| International Standard Book Number | 9781285438337 |
| 050 ## - LIBRARY OF CONGRESS CALL NUMBER | |
| Classification number | KF6276.S68 |
| 245 ## - TITLE STATEMENT | |
| Title | Corporations, partnerships, estates and trusts. / |
| Statement of responsibility, etc. | edited by William H. Hoffman et al. |
| 260 ## - PUBLICATION, DISTRIBUTION, ETC. | |
| Place of publication, distribution, etc. | Stamford : |
| Name of publisher, distributor, etc. | Cengage Leaening, |
| Date of publication, distribution, etc. | 2015. |
| 300 ## - PHYSICAL DESCRIPTION | |
| Extent | xxxi + various pages : |
| Dimensions | 29 cm. |
| 500 ## - GENERAL NOTE | |
| General note | Includes appendix and index. |
| 505 ## - FORMATTED CONTENTS NOTE | |
| Formatted contents note | Contents: Part 1:Introduction: Understanding and working with the federal tax law -- Part 2: Corporations: Corporations: introduction and operating rules -- Corporations: special situations -- Corporations: organization and capital structure -- Corporation: earnings and profits and dividends and distributions -- Corporations: redemptions and liquidations -- Corporations: reorganizations -- Consolidation tax returns -- Taxation of international transactions -- Part 3: Flow-through entities: Partnerships: formation, operation, and basis -- Partnerships: distributions, transfer of interests, and terminations -- Corporations. |
| 700 ## - ADDED ENTRY--PERSONAL NAME | |
| Personal name | Hoffman, William H. |
| 700 ## - ADDED ENTRY--PERSONAL NAME | |
| Personal name | Raabe, William A. |
| 700 ## - ADDED ENTRY--PERSONAL NAME | |
| Personal name | Maloney, David M. |
| 700 ## - ADDED ENTRY--PERSONAL NAME | |
| Personal name | Young, James E. |
| 700 ## - ADDED ENTRY--PERSONAL NAME | |
| Personal name | Smith, James E. |
| 942 ## - ADDED ENTRY ELEMENTS (KOHA) | |
| Source of classification or shelving scheme | Library of Congress Classification |
| Koha item type | Books |
| Withdrawn status | Lost status | Source of classification or shelving scheme | Damaged status | Not for loan | Home library | Current library | Shelving location | Date acquired | Total Checkouts | Full call number | Barcode | Date last seen | Price effective from | Koha item type |
|---|---|---|---|---|---|---|---|---|---|---|---|---|---|---|
| Library of Congress Classification | WISCONSIN INTERNATIONAL UNIVERSITY COLLEGE, GHANA - MAIN LIBRARY | WISCONSIN INTERNATIONAL UNIVERSITY COLLEGE, GHANA - MAIN LIBRARY | Law Library | 26/06/2020 | KF6276.S68 | 2748/052/20 | 26/06/2020 | 26/06/2020 | Books | |||||
| Library of Congress Classification | WISCONSIN INTERNATIONAL UNIVERSITY COLLEGE, GHANA KUMASI LIBRARY | WISCONSIN INTERNATIONAL UNIVERSITY COLLEGE, GHANA KUMASI LIBRARY | General Stacks | 11/01/2019 | KF6276.S68 | K/1126/1126/19 | 13/10/2023 | Books |
